01334naa a2200301 uc4500001000800000005001700008008004100025035001200066040001300078041000800091080000800099111011400107245008300221260009700304300001000401650002700411650004200438650003000480650003100510650004900541650005600590650003500646700004600681710008500727710004100812710007000853773010900923133253820260302105946.0130614e20100421 spa  a1332538 ccomduadb aspa aG/F20aSeminario : Muchas miradas, muchas visiones, el desafio de la reconciliacion (1 : 2009 : Medellin),4auteaut13aUn horizonte para la reparación... Trabajando por y para la reconciliación aMedellín :bUSAID (Agencia de los Estados Unidos para el Desarrollo Internacional),c2009. a13-14 7aReconciliación2lemb 7aReparación (Justicia penal)2armarc aVíctimas del terrorismo aVíctimas de la violencia 0aVíctimas de crímenes violentoszColombia 7aVerdad, justicia y reparaciónzColombia2comduadb 7aGestión de conflictos2embne10aBueno Cipagauta, Maria Angelica4auteaut10aUSAID (Agencia de los Estados Unidos para el Desarrollo Internacional)4auteaut20aFundacion Forjando Futuros4auteaut20aCNRR (Comision Nacional de Reparacion y Reconciliacion)4auteaut0 tMuchas miradas, muchas visiones : el desafío de la reconciliaciónw1197429w(OCoLC)7770464830539305